| 000 | 00484cam a2200169 4500 | ||
|---|---|---|---|
| 020 | _a0090480325 | ||
| 082 | 0 | 0 |
_a621.3 _bPRA _cL-9, P-48 |
| 100 | 1 |
_aPratt, William Thomas. _941134 |
|
| 245 | 1 | 0 |
_aWorked examples in electrotechnology _c[by] W. T. Pratt. |
| 250 | _a7th ed. | ||
| 260 |
_aLondon, _bHutchinson, _c1968. |
||
| 300 |
_a255 p. _billus. _c22 cm. |
||
| 526 |
_a0 _b0 _c0 _d621_300000000000000_PRA |
||
| 650 | 0 | _aElectrical engineering | |
| 650 | 0 |
_aMCE _9379 |
|
| 942 |
_2ddc _cBK |
||
| 999 |
_c545324 _d545324 |
||